00491cam a2200169ua 4500001000400000008003900004020001800043040000900061082001000070245006700080250000900147260004800156300002500204653002300229653004100252700002800293955110425n ii |||gr||||Z||||||eng a81-8064-003-5 cMAIN a323.41 aHuman rights and the United Nations.cBy Raghubir Chakravarti. a2nd. aKolkatta.:bProgressive publishers.,c2002. axvi, 358 p.:c23 cm. aPolitical science. aHuman rights and the United Nations.1 aChakravarti, Raghubir.,